000 01212cam a2200325 a 4500
999 _c234156
_d234156
001 3400514
003 Nust
005 20170314153541.0
008 890206s1989 mauc b 001 0beng
010 _a 89042586
020 _a080707005X
040 _aDLC
_cDLC
_dDLC
043 _ae-ur---
050 0 0 _aDK268.S8
_bULA
082 0 0 _a947.084/2/092
_aB
_220
100 1 _aUlam, Adam B.,
_d1922-2000.
245 1 0 _aStalin :
_bthe man and his era /
_cAdam B. Ulam.
250 _aExpanded ed.
260 _aBoston :
_bBeacon Press,
_c1989.
300 _axxv, 760 p. :
_bport. ;
_c23 cm.
504 _aIncludes bibliographical references.
600 1 0 _aStalin, Joseph,
_d1878-1953.
650 0 _aHeads of state
_zSoviet Union
_xBiography.
650 0 _aRevolutionaries
_zSoviet Union
_xBiography.
651 0 _aSoviet Union
_xHistory
_y1925-1953.
856 4 2 _3Publisher description
_uhttp://www.loc.gov/catdir/description/hm031/89042586.html
906 _a7
_bcbc
_corignew
_d1
_eocip
_f19
_gy-gencatlg
942 _2ddc
_cBK